000 005000000a22001570004500
090 _aAR
_b02122
245 1 0 _aConsumption and environment: some conceptual issues
650 1 4 _aConsumo
_995594
650 1 4 _aMedio ambiente
_992195
650 1 4 _aEconomía
_993484
650 1 4 _aEcología
_992250
041 0 _aInglés
100 1 _aPrincen, Thomas
_995595
942 _cARTICULO
773 1 _tEcological Economics: the Journal of the International Society for Ecological Economics
_3826
_h31
_q347-363
_d1999
999 _c11198
_d11198